000 00824cam a22001934a 4500
005 20250605164034.0
008 250528s ||||||||||||||||||||||||d
035 _a16744
020 _a140134557
040 _aGR-AtMCL
_bgre
_dGR-AtMCL
_eAACR2
245 1 _aThe End of History and the Last Man / A Fascinating Historical and Philosophical Setting for the Twenty-First Century
260 _bPenguin Books,
_c1992
300 _a424
520 _aThe first work fully to fathom the depth and range of changes now sweeping through the world. Acknowledgements, By Way of an Introduction, An Old Question Asked Anew, The Old Age of Mankind, The Struggle for Recognition, Leaping Over Rhodes, The Last Man, Notes, Bibliography, Index.
700 1 _aFukuyama Francis
_92834
942 _cBK
999 _c2214
_d2214